| 000 | 00743nam a2200217 i 4500 | ||
|---|---|---|---|
| 001 | 126967 | ||
| 003 | ES-MaACL | ||
| 005 | 20251112122706.0 | ||
| 007 | t| | ||
| 008 | 070214s1962 sp r ||||1| spa d | ||
| 100 | 1 |
_aRey Pastor, Julio, _d1888-1962 _996535 |
|
| 245 | 1 | 0 |
_aElementos de geometría racional. _nI, _pGeometría plana / _cpor Julio Rey Pastor, P. Puig Adam. |
| 260 |
_aMadrid : _b[s.n.], _c1962 ( _fNuevas Gráf.) |
||
| 300 |
_a296 p. : _bil. ; _c20 cm. |
||
| 490 | 1 | _aColección "Didáctica Elemental" | |
| 650 | 0 | 7 |
_aGeometría _2embne _913096 |
| 700 | 1 |
_aPuig Adam, Pedro, _d1900-1960 _994247 |
|
| 830 | 0 | 0 |
_aColección "Didáctica elemental" _9219153 |
| 852 |
_aES-MaACL _jC-36832 |
||
| 999 |
_c126967 _d126967 |
||